000 00778nam a2200313Ia 4500
003 OSt
005 20250605102328.0
008 210210b1999 xxu||||| |||| 00| 0 eng d
020 _a047119221X
040 _cAL
041 _aeng
082 _a155.4 VASC
100 _aVASTA (Ross)
_9212884
245 _aChild psychology: the modern science Ed 3
250 _a3
260 _aNew York
_bJohn Wiley and Sons
_c1999
300 _axxvi,783
650 _athe
_9212885
650 _ascience
_9212886
650 _apsychology:
_9212887
650 _amodern
_9212888
650 _aEd
_9212889
650 _aChild
_9212890
650 _a3
_9212891
690 _aChild Psychology
_9212892
700 _aHAITH (Marshall M)
_9212893
906 _a064224
942 _2ddc
_cBK
999 _c140388
_d140388